000 00544nam a2200169Ia 4500
005 20260601193223.0
008 260601s9999||||xx |||||||||||||| ||und||
020 _a978-3-031-46002-9
_qebk
100 _aBernhard Steffen
245 0 _aBridging the Gap Between AI and Reality
250 _a1st ed. 2024
260 _aHeidelberg, Germany
_bSpringer Nature
_c2024
440 _aLecture Notes in Computer Science
650 _aComputer Science
856 _uhttps://link.springer.com/openurl?genre=book&isbn=978-3-031-46002-9
942 _cEB
_2ddc
999 _c55876
_d55876